[Event "6. Oeffinger Open 2015"]
[Site "T-Systems"]
[Date "2015.05.22"]
[Round "1.1"]
[White "Shishkin, Vadim"]
[Black "Abele, Klaus, Dr."]
[Result "1-0"]
[WhiteElo "2513"]
[BlackElo "1740"]
[PlyCount "41"]

1. d4 d5 2. c4 c6 3. Nc3 dxc4 4. e4 b5 5. a4 Ba6 6. axb5 Bxb5 7. b3 cxb3 8.
Nxb5 cxb5 9. Bxb5+ Nd7 10. Qxb3 e6 11. Nf3 Ngf6 12. Bg5 Be7 13. Ne5 O-O 14.
Bxd7 Nxd7 15. Nc6 Bb4+ 16. Qxb4 Qxg5 17. O-O Nf6 18. Ra5 Qh4 19. f3 Nh5 20. Qe7
g5 21. Rxg5+ 1-0

[Event "6. Oeffinger Open 2015"]
[Site "T-Systems"]
[Date "2015.05.22"]
[Round "1.3"]
[White "Langheinrich, Ferenc"]
[Black "Pfriender, Harry"]
[Result "1-0"]
[WhiteElo "2377"]
[BlackElo "1735"]
[PlyCount "63"]

1. Nf3 c5 2. c4 Nc6 3. Nc3 g6 4. e3 Bg7 5. d4 cxd4 6. exd4 d6 7. h3 Nf6 8. d5
Nb8 9. Be2 O-O 10. O-O b6 11. Be3 Nbd7 12. Qd2 Nc5 13. Nd4 Bd7 14. Bf3 Rc8 15.
Nc6 Bxc6 16. dxc6 Ne6 17. Rac1 Ne8 18. b4 N6c7 19. Rfd1 Rb8 20. c5 bxc5 21.
bxc5 Qc8 22. Bg5 f6 23. Bf4 e5 24. cxd6 exf4 25. dxc7 Nxc7 26. Qxf4 Rd8 27. Nd5
Nxd5 28. Bxd5+ Rxd5 29. Rxd5 Qf8 30. Qxb8 Qxb8 31. c7 Qc8 32. Rd8+ 1-0

[Event "6. Oeffinger Open 2015"]
[Site "T-Systems"]
[Date "2015.05.22"]
[Round "1.9"]
[White "Gustain, Marc"]
[Black "Helmbrecht, Kurt"]
[Result "1-0"]
[WhiteElo "2151"]
[BlackElo "1675"]
[PlyCount "31"]

1. e4 e6 2. d4 d5 3. Nc3 Nf6 4. Bg5 Be7 5. e5 Nfd7 6. Bxe7 Qxe7 7. f4 c5 8. Nb5
Na6 9. Nd6+ Kf8 10. Qh5 cxd4 11. O-O-O Ndc5 12. Nf3 Ne4 13. Ng5 Nf2 14. Ngxf7
Rg8 15. Ng5 g6 16. Qh4 1-0

[Event "6. Oeffinger Open 2015"]
[Site "T-Systems"]
[Date "2015.05.22"]
[Round "1.4"]
[White "Mayer, Alexander"]
[Black "Schnepp, Gunnar"]
[Result "0-1"]
[WhiteElo "1725"]
[BlackElo "2316"]
[PlyCount "56"]
[EventDate "2015.??.??"]

1. c4 Nf6 2. Nc3 c5 3. g3 d5 4. cxd5 Nxd5 5. Bg2 Nc7 6. Nf3 Nc6 7. O-O e5 8. d3
Be7 9. a3 O-O 10. Bd2 Be6 11. Rc1 f6 12. Ne4 Na6 13. Qa4 Qd7 14. Rfe1 Rab8 15.
h4 b5 16. Qc2 Rfc8 17. b3 Qe8 18. Qb2 Qf7 19. Be3 Na5 20. b4 Nb3 21. Rc2 cxb4
22. axb4 Bxb4 23. Rxc8+ Rxc8 24. Rb1 h6 25. g4 Qe7 26. g5 hxg5 27. hxg5 f5 28.
Ned2 Bc3 0-1

[Event "6. Oeffinger Open 2015"]
[Site "T-Systems"]
[Date "2015.05.22"]
[Round "1.2"]
[White "Richter, Nils"]
[Black "Skembris, Spyridon"]
[Result "0-1"]
[WhiteElo "1735"]
[BlackElo "2422"]
[PlyCount "118"]
[EventDate "2015.??.??"]

1. e4 c5 2. Nf3 Nc6 3. d4 cxd4 4. Nxd4 g6 5. Nc3 Bg7 6. Be3 Nf6 7. Qd2 Ng4 8.
Nxc6 bxc6 9. Bd4 Bxd4 10. Qxd4 e5 11. Qc5 Qb6 12. Qxb6 axb6 13. f3 Nf6 14. Bc4
Ke7 15. Kf2 b5 16. Bb3 d6 17. Rad1 Nd7 18. Rd2 Nc5 19. Rhd1 Rd8 20. a3 f5 21.
Ke3 Rb8 22. a4 b4 23. Ne2 Ba6 24. h3 Bxe2 25. Rxe2 f4+ 26. Kf2 Ra8 27. Ra1 Ra5
28. Rd2 Nd7 29. Ke2 Nb6 30. Kf2 h6 31. Ke2 Rd7 32. c3 bxc3 33. bxc3 c5 34. c4
Rb7 35. Kd3 Nd5 36. cxd5 Rxb3+ 37. Ke2 Kd7 38. Rc2 Rb4 39. Rca2 Kc7 40. Kd3 Kb6
41. Kc3 Ra8 42. Rb2 Ka5 43. Rab1 Rab8 44. Rxb4 cxb4+ 45. Kb3 Rc8 46. Ra1 Rc3+
47. Kb2 Re3 48. Rc1 Kxa4 49. Rc2 Rb3+ 50. Ka1 Rc3 51. Rd2 Kb3 52. Kb1 Kc4 53.
Kb2 b3 54. h4 g5 55. h5 g4 56. fxg4 Rg3 57. Ka3 Rxg4 58. Rb2 Rg3 59. Ka4 Kd4
0-1

[Event "6. Oeffinger Open 2015"]
[Site "T-Systems"]
[Date "2015.05.22"]
[Round "1.5"]
[White "Holzhäuer, Mathias"]
[Black "Tölg, Wolfgang"]
[Result "1-0"]
[WhiteElo "2295"]
[BlackElo "1720"]
[PlyCount "71"]
[EventDate "2015.??.??"]

1. e4 e5 2. Nf3 Nc6 3. Bb5 Bc5 4. O-O Nf6 5. d3 d6 6. h3 a6 7. Ba4 b5 8. Bb3
Be6 9. c3 Bb6 10. a4 h6 11. Bxe6 fxe6 12. Qb3 Qd7 13. axb5 Na5 14. Qa2 O-O 15.
b4 Nb7 16. bxa6 Nd8 17. Be3 Qb5 18. Bxb6 Qxb6 19. Nbd2 Nd7 20. Nc4 Qb8 21. d4
exd4 22. Nxd4 Kh8 23. Ne3 e5 24. Ndf5 Nf6 25. f3 Nh5 26. Kh2 Kh7 27. Ng4 Qb6
28. Qc4 Ra7 29. Ra2 Nf4 30. Ne7 Ra8 31. Nd5 Nxd5 32. exd5 h5 33. Qd3+ g6 34.
Nf2 Nf7 35. Ne4 Qb8 36. Nf6+ 1-0

[Event "6. Oeffinger Open 2015"]
[Site "T-Systems"]
[Date "2015.05.22"]
[Round "1.6"]
[White "Siopidis, Alexander"]
[Black "Neyman, Igor"]
[Result "0-1"]
[WhiteElo "1712"]
[BlackElo "2283"]
[PlyCount "110"]
[EventDate "2015.??.??"]

1. d4 Nf6 2. c4 e6 3. Nc3 Bb4 4. Qc2 O-O 5. a3 Bxc3+ 6. bxc3 d6 7. e4 Nbd7 8.
Nf3 e5 9. Bd3 Re8 10. O-O Nf8 11. h3 b6 12. Re1 Ng6 13. a4 Bb7 14. Bg5 h6 15.
Bd2 a5 16. Qb1 Rb8 17. g4 Nh7 18. d5 Ng5 19. Nxg5 hxg5 20. Kg2 Nf4+ 21. Bxf4
gxf4 22. Rh1 g6 23. f3 Kg7 24. Qe1 Rh8 25. h4 Rh7 26. Qf2 Ba6 27. Rab1 Qd7 28.
Ra1 Rbh8 29. Rh2 Qe8 30. Be2 Bc8 31. Bd3 Bd7 32. Bc2 Qc8 33. Rg1 Qa6 34. Bb3
Rc8 35. Qd2 Rch8 36. Rgh1 Qc8 37. Bd1 f5 38. Qe2 fxg4 39. fxg4 Qe8 40. Qc2 Rf8
41. Rf1 Rfh8 42. Rfh1 Qe7 43. Qf2 f3+ 44. Kg3 Rf8 45. Qc2 Qf6 46. Qd2 Qf4+ 47.
Qxf4 Rxf4 48. Bxf3 Bxa4 49. Rb2 Rh8 50. Rg1 Rhf8 51. Rf1 Rxe4 52. Bxe4 Rxf1 53.
Bd3 Rc1 54. h5 Rxc3 55. Rd2 e4 0-1

[Event "6. Oeffinger Open 2015"]
[Site "T-Systems"]
[Date "2015.05.22"]
[Round "1.7"]
[White "Degenhardt, Horst"]
[Black "Mück, Fabian"]
[Result "1-0"]
[WhiteElo "2259"]
[BlackElo "1685"]
[PlyCount "119"]
[EventDate "2015.??.??"]

1. e4 g6 2. d4 Bg7 3. Nc3 c5 4. dxc5 Bxc3+ 5. bxc3 Qa5 6. Qd4 Nf6 7. Bd2 Nc6 8.
Qe3 b6 9. cxb6 axb6 10. Nf3 Ng4 11. Qf4 d6 12. Nd4 e5 13. Nxc6 exf4 14. Nxa5
Rxa5 15. Bxf4 O-O 16. f3 Ne5 17. O-O-O Be6 18. Rxd6 Nc4 19. Rxe6 fxe6 20. Bxc4
Rxf4 21. Bxe6+ Kf8 22. Kd2 Rf6 23. Bd5 Rd6 24. Ra1 g5 25. Ke3 Ke7 26. Rb1 Ra3
27. Bb3 Ra5 28. h4 gxh4 29. Rh1 Rc5 30. Rxh4 Rxc3+ 31. Kf4 h6 32. Rh5 Rc8 33.
Re5+ Kf6 34. g4 Rc3 35. Rf5+ Kg6 36. e5 Rd4+ 37. Kg3 Re3 38. Kf2 Rc3 39. Rf6+
Kh7 40. Rf7+ Kg6 41. Rf6+ Kg7 42. Rxb6 Rc7 43. Rf6 Rd2+ 44. Ke3 Rh2 45. Rf5 Rh1
46. e6 Re1+ 47. Kf2 Rd1 48. Rf7+ Rxf7 49. exf7 Rd6 50. Ke3 h5 51. gxh5 Rh6 52.
Bd5 Rxh5 53. c4 Kf8 54. Kd4 Ke7 55. Kc5 Rh2 56. a4 Rb2 57. a5 Ra2 58. Kb6 Rb2+
59. Ka7 Rb1 60. a6 1-0

[Event "6. Oeffinger Open 2015"]
[Site "T-Systems"]
[Date "2015.05.22"]
[Round "1.8"]
[White "Herbst , Rudolf"]
[Black "Wurm, Aleander"]
[Result "1/2-1/2"]
[WhiteElo "1681"]
[BlackElo "2166"]
[PlyCount "135"]
[EventDate "2015.??.??"]

1. c4 e6 2. Nc3 d5 3. cxd5 exd5 4. d4 Nf6 5. g3 c6 6. Bg2 Bd6 7. Nf3 O-O 8. O-O
Re8 9. Re1 Nbd7 10. Qc2 Nb6 11. e4 dxe4 12. Nxe4 Bf5 13. Nh4 Bxe4 14. Bxe4 Nxe4
15. Rxe4 Qd7 16. Bd2 Rxe4 17. Qxe4 Re8 18. Qf5 Bf8 19. Qxd7 Nxd7 20. Kf1 g6 21.
Re1 Rxe1+ 22. Kxe1 Bg7 23. Nf3 Kf8 24. b3 Ke7 25. Ke2 Kd6 26. Kd3 h6 27. Ne1
Ke6 28. f3 Nf6 29. Nc2 Nd5 30. Ne3 h5 31. Nxd5 Kxd5 32. Be3 f5 33. h3 Bf6 34.
g4 b6 35. gxh5 gxh5 36. Bf2 Bg5 37. Bg3 Bf6 38. Bf2 Bh8 39. Be3 Bf6 40. Bf2 Bg5
41. Bg3 Bd8 42. Bf4 b5 43. Bh6 Be7 44. Bg7 Bg5 45. Bf8 Bf4 46. Bc5 Bb8 47. Be7
Bc7 48. Bf6 Bb6 49. Bg7 a6 50. Bf6 c5 51. dxc5 Bxc5 52. Bc3 Bb6 53. Bf6 Bc7 54.
Be7 Be5 55. Bg5 Bb2 56. Bd8 Ke5 57. Bc7+ Kd5 58. Bd8 Be5 59. Bg5 Bd6 60. Bf6
Bb4 61. Bd8 Bc5 62. Bf6 Bd6 63. Bg5 Ke5 64. Ke3 Bc5+ 65. Kd3 Bb6 66. Bh6 Bd8
67. Ke3 Bf6 68. Kd3 {Rest nicht nachvollziehbar (Remis nach 93 Zügen)} 1/2-1/2

[Event "6. Oeffinger Open 2015"]
[Site "T-Systems"]
[Date "2015.05.23"]
[Round "2.5"]
[White "Philippin, Otto"]
[Black "Holzhäuer, Mathias"]
[Result "0-1"]
[WhiteElo "1887"]
[BlackElo "2295"]
[PlyCount "42"]
[EventDate "2015.??.??"]

1. d4 Nf6 2. e3 e6 3. Bd3 c5 4. c3 b6 5. Nh3 Bb7 6. O-O Be7 7. Nd2 O-O 8. f4
Nd5 9. Nf3 f5 10. Bd2 Nf6 11. Nf2 Na6 12. Ne5 Nc7 13. Qa4 a6 14. Qb3 cxd4 15.
exd4 b5 16. Qd1 Nce8 17. Be2 Nd6 18. Bf3 Qb6 19. Bxb7 Qxb7 20. Nfd3 Nde4 21.
Qf3 d6 0-1

[Event "6. Oeffinger Open 2015"]
[Site "T-Systems"]
[Date "2015.05.23"]
[Round "2.4"]
[White "Schnepp, Gunnar"]
[Black "Marzev, Ivan"]
[Result "1/2-1/2"]
[WhiteElo "2316"]
[BlackElo "1957"]
[PlyCount "42"]
[EventDate "2015.??.??"]

1. Nf3 Nf6 2. c4 c5 3. g3 b6 4. Bg2 Bb7 5. O-O e6 6. Nc3 Qc8 7. Re1 Nc6 8. e4
d6 9. d4 cxd4 10. Nxd4 Be7 11. Ndb5 O-O 12. Be3 a6 13. Na3 Nd7 14. Rc1 Nc5 15.
Qe2 Bf6 16. Red1 Rd8 17. Nab1 Qc7 18. Nd2 Nb4 19. Ndb1 Nc6 20. Nd2 Nb4 21. Ndb1
Nc6 1/2-1/2

[Event "6. Oeffinger Open 2015"]
[Site "T-Systems"]
[Date "2015.05.23"]
[Round "2.7"]
[White "Süss, Stefan"]
[Black "Degenhardt, Horst"]
[Result "0-1"]
[WhiteElo "1870"]
[BlackElo "2259"]
[PlyCount "72"]
[EventDate "2015.??.??"]

1. e4 d6 2. d4 Nf6 3. Nc3 e5 4. Nf3 Nbd7 5. Be2 Be7 6. h3 c6 7. Be3 b5 8. a3 a6
9. O-O O-O 10. Nd2 exd4 11. Bxd4 c5 12. Be3 Bb7 13. b4 Rc8 14. bxc5 Nxc5 15.
Bf3 Qc7 16. Nd5 Nxd5 17. exd5 Bf6 18. Ra2 Be5 19. Bxc5 Qxc5 20. Nb3 Qb6 21. Nc1
a5 22. Nd3 Bf6 23. Nf4 Rc4 24. Ne2 Be5 25. Qd3 g6 26. c3 Qc5 27. Rb2 Ba6 28.
Rfb1 Qxa3 29. Rb3 Qc5 30. g3 Rc8 31. h4 Bxc3 32. h5 a4 33. Rxc3 Rxc3 34. Qe4
Rc4 35. Qe7 Qc7 36. Qf6 Qd8 0-1

[Event "6. Oeffinger Open 2015"]
[Site "T-Systems"]
[Date "2015.05.23"]
[Round "2.3"]
[White "Weida, Alexander"]
[Black "Langheinrich, Ferenc"]
[Result "0-1"]
[WhiteElo "1941"]
[BlackElo "2377"]
[PlyCount "46"]
[EventDate "2015.??.??"]

1. Nc3 c5 2. e4 a6 3. g3 b5 4. Bg2 Bb7 5. a4 b4 6. Nd5 e6 7. Ne3 h5 8. Ne2 Nf6
9. d3 d5 10. exd5 Nxd5 11. Nc4 h4 12. Nf4 Ra7 13. O-O Nxf4 14. Bxf4 Bxg2 15.
Bxb8 Ba8 16. Be5 f6 17. Bf4 g5 18. Be3 hxg3 19. fxg3 Qd5 20. Kf2 Rxh2+ 21. Ke1
Qg2 22. Bf2 Bf3 23. Qd2 Rh1 0-1

[Event "6. Oeffinger Open 2015"]
[Site "T-Systems"]
[Date "2015.05.23"]
[Round "2.8"]
[White "Böhmler, Thomas"]
[Black "Gustain, Marc"]
[Result "0-1"]
[WhiteElo "1861"]
[BlackElo "2151"]
[PlyCount "92"]
[EventDate "2015.??.??"]

1. d4 Nf6 2. c4 d6 3. Nc3 Bf5 4. Qb3 Qc8 5. f3 e5 6. d5 e4 7. Nxe4 Bxe4 8. fxe4
Nxe4 9. Qe3 f5 10. Nf3 Be7 11. h4 O-O 12. Ng5 Bf6 13. Ne6 Re8 14. g4 Rxe6 15.
dxe6 Qxe6 16. gxf5 Qxc4 17. Qb3 Qxb3 18. axb3 Ng3 19. Rh3 Nxf5 20. Bg2 c6 21.
Ra4 Nd7 22. Rf4 Nd4 23. b4 Be5 24. Rf1 Nc2+ 25. Kd1 Nxb4 26. Bf4 Nf6 27. Bxe5
dxe5 28. h5 h6 29. Rf5 e4 30. Rg3 Nbd5 31. Bh3 Re8 32. Rf1 Nxh5 33. Rb3 Re7 34.
Bf5 Nhf6 35. Rh3 a5 36. Rg1 Kf8 37. Rf1 b5 38. Kc1 a4 39. Bg6 Re5 40. Kb1 Kg8
41. Rc1 Ne7 42. Rg3 Rg5 43. Rcg1 Nxg6 44. Rxg5 hxg5 45. Rxg5 Kf7 46. Rc5 Ne7
0-1

[Event "6. Oeffinger Open 2015"]
[Site "T-Systems"]
[Date "2015.05.23"]
[Round "2.6"]
[White "Neyman, Igor"]
[Black "Thomanek, Manuel"]
[Result "1-0"]
[WhiteElo "2283"]
[BlackElo "1930"]
[PlyCount "65"]
[EventDate "2015.??.??"]

1. d4 Nf6 2. c4 e6 3. Nc3 b6 4. e4 Bb7 5. f3 d6 6. Be3 Be7 7. Bd3 Nbd7 8. Nge2
c5 9. O-O O-O 10. b3 cxd4 11. Bxd4 Ne5 12. Bc2 Nc6 13. Bf2 Rc8 14. Qd2 Nb4 15.
Bb1 d5 16. cxd5 exd5 17. e5 Nd7 18. Bf5 Nxe5 19. Bxc8 Qxc8 20. Bd4 Bc5 21. Kh1
Re8 22. a3 Nbd3 23. f4 Bxd4 24. Nxd4 Qc5 25. Nce2 Ng4 26. Qxd3 Re3 27. Qd2 Ba6
28. Rac1 Rxe2 29. Qxe2 Bxe2 30. Rxc5 bxc5 31. Nxe2 d4 32. Kg1 d3 33. Nc3 1-0

[Event "6. Oeffinger Open 2015"]
[Site "T-Systems"]
[Date "2015.05.23"]
[Round "2.1"]
[White "Siegle, Florian"]
[Black "Shishkin, Vadim"]
[Result "0-1"]
[WhiteElo "1960"]
[BlackElo "2513"]
[PlyCount "96"]
[EventDate "2015.??.??"]

1. d4 Nf6 2. Bg5 d5 3. Bxf6 gxf6 4. Nc3 e6 5. e4 Bb4 6. exd5 Bxc3+ 7. bxc3 Qxd5
8. Qf3 Qxf3 9. Nxf3 b6 10. Bd3 Bb7 11. Ke2 Nd7 12. Rhe1 c5 13. g3 Rd8 14. Ke3
Ke7 15. a4 f5 16. a5 c4 17. Bf1 b5 18. a6 Be4 19. Reb1 Nf6 20. Ne5 Nd5+ 21. Kd2
Nc7 22. Be2 f6 23. Nf3 Rb8 24. Ra5 Rhd8 25. Nh4 Rb6 26. f3 Ba8 27. Ng2 Rdd6 28.
Ne3 Rxa6 29. Rxa6 Rxa6 30. Re1 Kd7 31. h4 Rd6 32. Ra1 a6 33. Ke1 Nd5 34. Nxd5
Bxd5 35. g4 f4 36. g5 fxg5 37. hxg5 Kc7 38. Kd2 Kb6 39. Rh1 Rd7 40. Kc1 a5 41.
Kb2 Rg7 42. Rh5 b4 43. cxb4 axb4 44. Bd1 c3+ 45. Kc1 Ra7 46. Kb1 Ba2+ 47. Ka1
b3 48. cxb3 Bxb3+ 0-1

[Event "6. Oeffinger Open 2015"]
[Site "T-Systems"]
[Date "2015.05.23"]
[Round "2.2"]
[White "Skembris, Spyridon"]
[Black "Engbrecht, Helmut"]
[Result "1-0"]
[WhiteElo "2422"]
[BlackElo "1964"]
[PlyCount "101"]
[EventDate "2015.??.??"]

1. d4 d5 2. c4 Nc6 3. cxd5 Qxd5 4. e3 e5 5. Nc3 Bb4 6. Bd2 Bxc3 7. Bxc3 exd4 8.
Ne2 Bg4 9. f3 Bh5 10. Nxd4 Nf6 11. Nb5 O-O-O 12. Bxf6 gxf6 13. Qxd5 Rxd5 14.
Nc3 Re5 15. Kf2 f5 16. Bb5 Ne7 17. Rhd1 c6 18. Be2 Re8 19. Rd4 Ng8 20. f4 Bxe2
21. fxe5 Bh5 22. Rc1 Rxe5 23. Nd5 f6 24. Nf4 Bf7 25. Rcd1 Re7 26. b3 Nh6 27. h3
Kc7 (27... Rc7 28. Rd8#) 28. Rd8 Be8 29. R8d6 Nf7 30. Rxf6 Ng5 31. Rxf5 Ne4+
32. Kf3 Bg6 33. Nxg6 hxg6 34. Rf4 Nc3 35. Rd3 Nd5 36. Rf8 b5 37. e4 Nb6 38.
Rdd8 Nd7 39. Rde8 Rg7 40. Rg8 Rf7+ 41. Ke3 a5 42. Rxg6 a4 43. bxa4 bxa4 44. Ra8
Kb6 45. Rxa4 Nc5 46. Rb4+ Ka5 47. a3 Rd7 48. Rg5 Rd3+ 49. Ke2 Rc3 50. Kd2 Rd3+
51. Kc2 1-0

[Event "6. Oeffinger Open 2015"]
[Site "T-Systems"]
[Date "2015.05.23"]
[Round "3.2"]
[White "Luhn, Robert"]
[Black "Skembris, Spyridon"]
[Result "0-1"]
[WhiteElo "2054"]
[BlackElo "2422"]
[PlyCount "58"]
[EventDate "2015.??.??"]

1. d4 Nf6 2. Nf3 g6 3. c4 Bg7 4. Nc3 c5 5. d5 O-O 6. e4 d6 7. Be2 e6 8. O-O
exd5 9. cxd5 a6 10. a4 Re8 11. Nd2 Nbd7 12. f4 Rb8 13. Qc2 Qc7 14. e5 dxe5 15.
f5 Nb6 16. fxg6 hxg6 17. Rxf6 Bxf6 18. a5 Nd7 19. Nde4 Bg7 20. d6 Qd8 21. Bg5
f6 22. Bc4+ Kh7 23. Qd3 fxg5 24. Qh3+ Bh6 25. Nd5 Kg7 26. Qc3 b5 27. axb6 Nxb6
28. Nxb6 Rxb6 29. Rf1 Rxd6 0-1

[Event "6. Oeffinger Open 2015"]
[Site "T-Systems"]
[Date "2015.05.23"]
[Round "3.1"]
[White "Shishkin, Vadim"]
[Black "König, Dirk"]
[Result "1-0"]
[WhiteElo "2513"]
[BlackElo "2088"]
[PlyCount "63"]
[EventDate "2015.??.??"]

1. d4 g6 2. c4 Nf6 3. Nc3 d6 4. e4 Bg7 5. Be2 Nbd7 6. Be3 b6 7. f4 Bb7 8. Bf3
h5 9. h3 e6 10. Qc2 Bh6 11. e5 Bxf3 12. Nxf3 Ng8 13. O-O-O Ne7 14. g4 Qb8 15.
Qe2 Qb7 16. d5 Nc5 17. b4 Na6 18. dxe6 fxe6 19. b5 Nc5 20. exd6 cxd6 21. Rxd6
Ne4 22. Nxe4 Qxe4 23. Rd4 Qb7 24. Rhd1 hxg4 25. hxg4 Bg7 26. Rd7 Qxd7 27. Rxd7
Kxd7 28. Bd4 Rh1+ 29. Kb2 Bh8 30. Qe4 Rc8 31. Ng5 Rh2+ 32. Kb3 1-0

[Event "6. Oeffinger Open 2015"]
[Site "T-Systems"]
[Date "2015.05.23"]
[Round "3.3"]
[White "Langheinrich, Ferenc"]
[Black "Neiß, Josef Martin"]
[Result "1/2-1/2"]
[WhiteElo "2377"]
[BlackElo "2083"]
[PlyCount "98"]
[EventDate "2015.??.??"]

1. d4 Nf6 2. Nf3 d5 3. c4 c6 4. Qb3 dxc4 5. Qxc4 Bf5 6. g3 e6 7. Bg2 h6 8. O-O
Be7 9. Nc3 O-O 10. Re1 Ne4 11. Qb3 Qb6 12. Nh4 Bxh4 13. Nxe4 Qxb3 14. axb3 Be7
15. Nc5 Bxc5 16. dxc5 Nd7 17. b4 a6 18. e4 Bg6 19. Bf4 e5 20. Bd2 Rfd8 21. Bc3
f6 22. f4 Bh5 23. Kf2 Kf7 24. Ke3 Ke7 25. h4 Bg4 26. Bf1 g5 27. f5 Rg8 28. Bc4
Rg7 29. hxg5 Rxg5 30. Rh1 h5 31. Rh2 Rg7 32. Rd2 Rh8 33. Rh1 Rgh7 34. Rh4 Rd8
35. Rdh2 Rg7 36. Bb3 Nf8 37. Rf2 Nh7 38. Rh1 Ke8 39. Bc2 Rgd7 40. Rd2 Ng5 41.
Rxd7 Rxd7 42. Bd3 Ke7 43. Bc2 Rd8 44. Rh2 Nf3 45. Rf2 Nd4 46. Bd3 Nf3 47. Bc4
Ng5 48. Bd3 Rd7 49. Bc2 Rd8 1/2-1/2

[Event "6. Oeffinger Open 2015"]
[Site "T-Systems"]
[Date "2015.05.23"]
[Round "3.4"]
[White "Holzhäuer, Mathias"]
[Black "Maj, Kornel"]
[Result "1/2-1/2"]
[WhiteElo "2295"]
[BlackElo "2073"]
[PlyCount "80"]
[EventDate "2015.??.??"]

1. e4 c5 2. Nc3 e6 3. f4 d5 4. Nf3 Nf6 5. Bb5+ Bd7 6. Bxd7+ Nbxd7 7. d3 Be7 8.
O-O O-O 9. Kh1 Nb8 10. Ne5 dxe4 11. dxe4 Qxd1 12. Rxd1 Na6 13. a3 Rfd8 14. Be3
Nc7 15. h3 Kf8 16. g4 Ke8 17. Kg2 Nd7 18. Nc4 b6 19. Kf3 Nf8 20. Ne5 Rxd1 21.
Rxd1 Bf6 22. Nc4 Bxc3 23. Nd6+ Ke7 24. bxc3 Rd8 25. e5 Ne8 26. Rb1 Nxd6 27.
exd6+ Rxd6 28. a4 Kd7 29. a5 Kc7 30. axb6+ axb6 31. Ra1 Kb7 32. Rb1 Nd7 33. Ke4
f6 34. f5 g6 35. Bf4 e5 36. Be3 g5 37. c4 h6 38. c3 Kc6 39. Ra1 Nb8 40. h4 Rd8
1/2-1/2

[Event "6. Oeffinger Open 2015"]
[Site "T-Systems"]
[Date "2015.05.23"]
[Round "3.5"]
[White "Syed, Tareq"]
[Black "Neyman, Igor"]
[Result "1/2-1/2"]
[WhiteElo "2032"]
[BlackElo "2283"]
[PlyCount "23"]
[EventDate "2015.??.??"]

1. d3 c5 2. g3 Nc6 3. Bg2 g6 4. c4 Bg7 5. Nc3 e6 6. h4 h6 7. f4 h5 8. Bxc6 dxc6
9. Nf3 Nh6 10. e4 e5 11. fxe5 Ng4 12. Bf4 1/2-1/2

[Event "6. Oeffinger Open 2015"]
[Site "T-Systems"]
[Date "2015.05.23"]
[Round "3.7"]
[White "Gustain, Marc"]
[Black "Telioridis, Vasileios"]
[Result "1-0"]
[WhiteElo "2151"]
[BlackElo "2010"]
[PlyCount "42"]
[EventDate "2015.??.??"]

1. e4 c5 2. Nf3 Nc6 3. d4 cxd4 4. Nxd4 Nf6 5. Nc3 a6 6. Bg5 Qa5 7. Bxf6 gxf6 8.
Be2 e6 9. a3 Rg8 10. g3 Be7 11. Qd2 Nxd4 12. Qxd4 b5 13. O-O Bb7 14. Rad1 Qc7
15. Rd3 f5 16. exf5 e5 17. Nd5 Bxd5 18. Qxd5 Rd8 19. Rc3 Qb8 20. Re3 Rc8 21.
Rxe5 Rxc2 1-0

[Event "6. Oeffinger Open 2015"]
[Site "T-Systems"]
[Date "2015.05.23"]
[Round "3.8"]
[White "Pelezki, Eugen"]
[Black "Heining, Thomas"]
[Result "0-1"]
[WhiteElo "2010"]
[BlackElo "2129"]
[PlyCount "142"]
[EventDate "2015.??.??"]

1. c4 Nf6 2. Nc3 g6 3. g3 Bg7 4. Bg2 O-O 5. d4 d6 6. Nf3 Nc6 7. O-O a6 8. Bg5
h6 9. Bd2 Rb8 10. Qc1 Kh7 11. a4 Na5 12. Ra2 Nxc4 13. b3 Nxd2 14. Rxd2 c6 15.
h4 Bf5 16. Re1 d5 17. Rb2 Ne4 18. b4 Qd6 19. e3 Nxc3 20. Qxc3 Be4 21. Qc5 Qe6
22. Nd2 Bxg2 23. Kxg2 Qd7 24. Qc2 e5 25. Nb3 Qe7 26. Rbb1 Rfe8 27. Qd2 Qf6 28.
f4 exf4 29. exf4 Qf5 30. Kh2 Re4 31. Rxe4 dxe4 32. Rd1 Qd5 33. Nc5 f5 34. Qe3
h5 35. a5 Bf8 36. Rd2 Kg8 37. Kg1 Kf7 38. Kf2 Ke8 39. Rc2 Bg7 40. Rd2 Kd8 41.
Qc3 Bf8 42. Na4 e3+ 43. Kxe3 Kc7 44. Kf2 Re8 45. Nc5 Qh1 46. Rc2 Bg7 47. Nb3
Re4 48. Qd2 Kb8 49. Qc3 Bf6 50. Qc4 Bxh4 51. Qc3 Qh2+ 52. Kf1 Qxg3 53. Qxg3
Bxg3 54. Rg2 Rxf4+ 55. Ke2 h4 56. Rg1 Kc7 57. Nc5 Rf2+ 58. Ke3 Ra2 59. Ne6+ Kd6
60. Nf4 Bf2+ 61. Kf3 Bxg1 62. Nxg6 h3 63. Nh4 Ke6 64. Kg3 Bf2+ 65. Kxh3 Bxh4
66. Kxh4 Kd5 67. Kg5 Kxd4 68. Kxf5 Re2 69. Kf4 Rf2+ 70. Kg3 Ke3 71. Kg4 Rf3 0-1

[Event "6. Oeffinger Open 2015"]
[Site "T-Systems"]
[Date "2015.05.24"]
[Round "4.7"]
[White "Feldheim, Jonas"]
[Black "Degenhardt, Horst"]
[Result "1/2-1/2"]
[WhiteElo "2050"]
[BlackElo "2259"]
[PlyCount "34"]
[EventDate "2015.??.??"]

1. e4 d6 2. d4 Nf6 3. Nc3 e5 4. Nf3 Nbd7 5. Bc4 Be7 6. a4 O-O 7. O-O c6 8. h3
a5 9. Re1 Nb6 10. Ba2 Nfd7 11. Be3 exd4 12. Nxd4 Nc5 13. Qh5 g6 14. Qh6 Bf6 15.
Nf3 Bg7 16. Qf4 Nbd7 17. Qxd6 Qb6 1/2-1/2

[Event "6. Oeffinger Open 2015"]
[Site "T-Systems"]
[Date "2015.05.24"]
[Round "4.5"]
[White "Neiß, Josef Martin"]
[Black "Holzhäuer, Mathias"]
[Result "1/2-1/2"]
[WhiteElo "2083"]
[BlackElo "2295"]
[PlyCount "62"]
[EventDate "2015.??.??"]

1. Nf3 Nf6 2. c4 Nc6 3. d4 e6 4. a3 d6 5. Bg5 h6 6. Bh4 g5 7. Bg3 Ne4 8. Nbd2
Nxg3 9. hxg3 g4 10. Nh2 Nxd4 11. e3 Nc6 12. Qxg4 h5 13. Qd1 Bg7 14. Qc2 Qf6 15.
Rb1 Bd7 16. Nhf3 O-O-O 17. Bd3 Ne5 18. Nxe5 Qxe5 19. b4 f5 20. Nf3 Qf6 21. c5
Qc3+ 22. Qxc3 Bxc3+ 23. Ke2 dxc5 24. bxc5 Bc6 25. Rhc1 Bf6 26. Bb5 Bxb5+ 27.
Rxb5 c6 28. Rb4 Rd5 29. Nd4 Bxd4 30. Rxd4 Kc7 31. Ra4 a6 1/2-1/2

[Event "6. Oeffinger Open 2015"]
[Site "T-Systems"]
[Date "2015.05.24"]
[Round "4.3"]
[White "Maj, Kornel"]
[Black "Langheinrich, Ferenc"]
[Result "0-1"]
[WhiteElo "2073"]
[BlackElo "2377"]
[PlyCount "86"]
[EventDate "2015.??.??"]

1. e4 d5 2. exd5 Qxd5 3. Nc3 Qd6 4. d4 Nf6 5. Bd3 Nc6 6. Nge2 Nb4 7. Bf4 Nxd3+
8. Qxd3 Qd8 9. d5 c6 10. O-O-O Nxd5 11. Nxd5 Qxd5 12. Qxd5 cxd5 13. Nc3 Be6 14.
Nb5 Kd7 15. Nc7 g5 16. Bg3 Rc8 17. Nxd5 Kc6 18. Nb4+ Kb5 19. Be5 Rg8 20. Nd5
Kc6 21. Nb4+ Kc5 22. Nd3+ Kb5 23. b3 b6 24. c4+ Ka6 25. Kb2 Bh6 26. Nb4+ Kb7
27. Nd5 Rge8 28. h3 Bf8 29. Rd2 b5 30. Nc7 Rxc7 31. Bxc7 Kxc7 32. cxb5 Bg7+ 33.
Ka3 Kb6 34. Ka4 Rc8 35. Rhd1 Be5 36. b4 Bc4 37. Rd8 Bxb5+ 38. Ka3 Rc3+ 39. Kb2
Rf3+ 40. Kb1 Rxf2 41. Re1 f6 42. g4 Rb2+ 43. Kc1 Rxa2 0-1

[Event "6. Oeffinger Open 2015"]
[Site "T-Systems"]
[Date "2015.05.24"]
[Round "4.8"]
[White "Bader, Dominic"]
[Black "Syed, Tareq"]
[Result "0-1"]
[WhiteElo "2098"]
[BlackElo "2032"]
[PlyCount "69"]
[EventDate "2015.??.??"]

1. e4 d6 2. Nc3 Nf6 3. f4 Bg4 4. Be2 Bxe2 5. Qxe2 Nc6 6. Nf3 e6 7. d4 Qd7 8. h3
O-O-O 9. Be3 d5 10. Ne5 Qe8 11. exd5 exd5 12. O-O Bb4 13. Nd1 h5 14. Nf2 Ne7
15. Nfd3 Bd6 16. Qf3 Nf5 17. Rfe1 Ne4 18. Nf2 f6 19. Ned3 Nh4 20. Qe2 Ng3 21.
Qd2 Qg6 22. Nh1 Ngf5 23. Qf2 Rhe8 24. g3 Nxe3 25. Rxe3 Nf5 26. Ree1 Rxe1+ 27.
Rxe1 Re8 28. Kh2 Re4 29. c3 Qe8 30. Rxe4 Qxe4 31. Qe1 Ne3 32. Qe2 Ng4+ 33.
Qxg4+ hxg4 34. Nhf2 Qf3 35. h4 0-1

[Event "6. Oeffinger Open 2015"]
[Site "T-Systems"]
[Date "2015.05.24"]
[Round "4.6"]
[White "Neyman, Igor"]
[Black "Gentner, Markus"]
[Result "1-0"]
[WhiteElo "2283"]
[BlackElo "2009"]
[PlyCount "67"]
[EventDate "2015.??.??"]

1. d4 Nf6 2. c4 c5 3. d5 b5 4. cxb5 a6 5. bxa6 g6 6. Nc3 Bxa6 7. e4 Bxf1 8.
Kxf1 d6 9. g3 Bg7 10. Kg2 O-O 11. Nf3 Nbd7 12. a4 Ng4 13. Ne1 h5 14. h3 Nge5
15. g4 h4 16. Qe2 Nb6 17. Ra2 Nec4 18. Nf3 Qd7 19. Qc2 Na5 20. b3 c4 21. b4 Nb3
22. Be3 Qb7 23. Rd1 Nd7 24. Nb5 Rfc8 25. Nfd4 Nxd4 26. Bxd4 Ne5 27. Qc3 g5 28.
Qe3 Bf6 29. Rb1 Ng6 30. Bxf6 Nf4+ 31. Kg1 exf6 32. Nxd6 Qe7 33. Nxc8 Rxc8 34.
b5 1-0